000 00739nam a2200253 a 4500
001 1862729
003 GBCCL
005 20241126110354.0
008 830926s1983 oru b 000 0 eng
010 _a 82084069
020 _a0890813310 (pbk.)
040 _aDLC
_cDLC
_dDLC
050 0 0 _aBF1791
_b.H86 1983
082 0 0 _a236
_219
_bHUN
100 1 _aHunt, Dave.
_9609
245 1 0 _aPeace, prosperity, and the coming holocaust /
_cDave Hunt.
260 _aEugene, Or. :
_bHarvest House Publishers,
_cc1983.
300 _a282 p. ;
_c21 cm.
504 _aIncludes bibliographical references.
650 0 _aProphecies.
_92051
650 0 _aAntichrist.
_92052
906 _a7
_bcbc
_corignew
_d3
_eopcn
_f19
_gy-gencatlg
942 _2ddc
_cBK
_03
999 _c1138
_d1138